Five southernmost major cities by continent - Statistics

General Stats
  • This quiz has been taken 64 times
  • The average score is 22 of 30
Answer Stats
Latitude Pop City % Correct
33°55'S 5.20 M Cape Town
98%
26°12'S 15.1 M Johannesburg
97%
34°36'S 17.0 M Buenos Aires
92%
8°59'N 1.45 M Panama City
92%
37°48'S 5.45 M Melbourne
90%
33°26'S 8.60 M Santiago
90%
37°59'N 3.57 M Athens
87%
36°50'S 1.54 M Auckland
87%
33°52'S 5.30 M Sydney
87%
34°55'S 1.48 M Adelaide
84%
34°53'S 1.82 M Montevideo
84%
31°57'S 2.47 M Perth
84%
29°53'S 3.97 M Durban
82%
37°23'N 1.31 M Seville
82%
38°43'N 2.65 M Lisbon
80%
9°55'N 2.47 M San José
79%
39°28'N 1.99 M Valencia
79%
36°43'N 1.12 M Málaga
70%
33°57′S 1.20 M Port Elizabeth
70%
13°41'N 1.59 M San Salvador
70%
12°08'N 1.42 M Managua
69%
14°06'N 1.24 M Tegucigalpa
67%
25°58'S 2.65 M Maputo
66%
32°57'S 1.53 M Rosario
56%
7°14'S 6.00 M Surabaya
54%
8°39'S 1.25 M Denpasar
49%
33°02'S 1.07 M Valparaíso
41%
7°48'S 1.79 M Yogyakarta
39%
7°34'S 1.71 M Surakarta
16%
7°58'S 1.77 M Malang
15%
No matching quizzes found
Score Distribution
Percent of People with Each Score
Percentile by Number Answered
Your Score History
You have not taken this quiz